000 00511nam a2200205Ia 4500
003 OSt
005 20241109101059.0
008 210210b1927 xxu||||| |||| 00| 0 eng d
040 _cAL
041 _aeng
082 _a954/519
100 _aSaraswathi Printing works Ltd
_9149329
245 _aSiege of Mangalore 1783-1785
260 _aMangalore
_b-
_c1927
650 _aSouth Kanara
_9149330
650 _aSouth Canara
_9184708
690 _aIndian History
_9149334
906 _a026277
942 _2ddc
_cBK
999 _c119162
_d119162